• 首页
  • 本馆介绍
  • 公告通知
  • 最新文献
  • 馆藏检索
  • 电子资源
  • 读者导购
  • 参考咨询
  • 我的图书馆
  • 登录
  • 详细信息显示
  • 放入我的书架
  • 预约/预借图书
  • 作者相关作品
  • 分类相关作品
  • 丛书相关作品
  • 出版社相关作品

书目信息

  • 表格格式
  • 工作单格式
  • 卡片格式
题名:
汉语语源学
    
 
作者: 葛本仪 主编
分册:  
出版信息: 济南   山东大学出版社  1999
页数: 308页
开本: 20cm
丛书名:
单 册:
中图分类: H0
科图分类:
主题词: 语言学
电子资源:
ISBN: 2-03-847007-3
000 00528nam0 2200205 450
001 0639550296
005 20061108110319.45
010    @a2-03-847007-3@dCNY14.80
100    @a20061108d1999 km y0chiy0120 ea
101 0  @achi
102    @aCN@b370000
102    @aCN@b370000
200 1  @a汉语语源学@f葛本仪主编@Fge ben yi zhu bian
210    @a济南@c山东大学出版社@d1999
215    @a308页@d20cm
606 0  @a语言学
690    @aH0@v3
701  0 @a葛本仪@Age ben yi@4主编
801  0 @aCN@bPFT@c20061108
905    @a10447@dH0@e141=2
    
    汉语语源学/葛本仪主编.-济南:山东大学出版社,1999
    308页;20cm
    
    
    ISBN 2-03-847007-3:CNY14.80
    
●
相关链接 在E读中查询图书 在五车中查询图书 在当当中查询图书 在豆瓣中查询图书


正题名:汉语语源学     索取号:H0/141=2         预约/预借

序号 登录号 条形码 馆藏地/架位号 状态 备注
1 0384700   203847007   第二样本阅览室/ [索取号:H0/141=2] 在馆    
2 0384701   203847016   第四借阅区/ [索取号:H0/141=2] 在馆    
3 0384702   203847025   第四借阅区/ [索取号:H0/141=2] 在馆    
4 0384703   203847034   第四借阅区/ [索取号:H0/141=2] 在馆    
5 0384704   203847043   第四借阅区/ [索取号:H0/141=2] 在馆    
唐山师范学院图书馆 欢迎您!
大连网信软件有限公司© 版权所有